Nasar qadeem nasar jadeed (Record no. 30811)

MARC details
000 -LEADER
fixed length control field 00432nam a2200169Ia 4500
005 - DATE AND TIME OF LATEST TRANSACTION
control field 20251024141216.0
008 - FIXED-LENGTH DATA ELEMENTS--GENERAL INFORMATION
fixed length control field 231207s9999 xx 000 0 und d
040 ## - CATALOGING SOURCE
Transcribing agency PK-LaNCA
082 ## - DEWEY DECIMAL CLASSIFICATION NUMBER
Classification number 891.421
Item number MUN
100 ## - MAIN ENTRY--PERSONAL NAME
Author Name Munir Ahmad
245 #0 - TITLE STATEMENT
Title Nasar qadeem nasar jadeed
Statement of responsibility, etc. Munir Ahmad
260 ## - PUBLICATION, DISTRIBUTION, ETC.
Name of publisher, distributor, etc. Majeed Book Depot
Place of publication, distribution, etc. Lahore
Date of publication, distribution, etc. 1997
300 ## - PHYSICAL DESCRIPTION
Pages 146p
546 ## - LANGUAGE NOTE
Language note Punjabi
650 ## - SUBJECT ADDED ENTRY--TOPICAL TERM
Subject Punjabi literature. Music.
942 ## - ADDED ENTRY ELEMENTS (KOHA)
Koha item type Musicology
999 ## -
-- 30811
-- 30811
Holdings
Withdrawn status Weedout from Library Permanent Location Current Location Shelving location Date acquired Full call number Barcode Price effective from Koha item type
    NATIONAL COLLEGE OF ARTS, LAHORE - LIBRARY NATIONAL COLLEGE OF ARTS, LAHORE - LIBRARY Musicology Section Basement of Library 08/12/2023 MUS 891.421 MUN 35359 35359 08/12/2023 Musicology